Airlines That Operate to Paris - Statistics

General Stats
  • This quiz has been taken 318 times
  • The average score is 35 of 107
Answer Stats
Airline % Correct
Air France
88%
British Airways
84%
American Airlines
82%
KLM
81%
Lufthansa
75%
Air China
73%
Emirates
72%
Delta Air Lines
71%
United Airlines
70%
Air Canada
66%
Aeroflot
64%
Qatar Airways
64%
Aer Lingus
63%
Turkish Airlines
63%
Air India
62%
Japan Airlines
61%
Singapore Airlines
59%
easyJet
58%
Korean Air
55%
Aeroméxico
53%
Finnair
53%
Saudia
52%
EgyptAir
51%
El Al
49%
Brussels Airlines
48%
Cathay Pacific
47%
Ethiopian Airlines
47%
Austrian Airlines
46%
Royal Air Maroc
46%
Aegean Airlines
45%
Etihad Airways
45%
Icelandair
45%
LOT Polish Airlines
44%
Royal Jordanian
43%
Scandinavian Airlines
43%
China Southern Airlines
42%
All Nippon Airways
40%
China Eastern Airlines
40%
Air Algérie
39%
Swiss International Air Lines
39%
Vueling
39%
Air Serbia
38%
Eurowings
38%
Oman Air
37%
Tunisair
37%
Asiana Airlines
36%
Kenya Airways
36%
Kuwait Airways
34%
WestJet
34%
EVA Air
33%
Air Transat
31%
Gulf Air
31%
TAROM
31%
Vietnam Airlines
31%
airBaltic
29%
Air Mauritius
29%
Croatia Airlines
29%
Air Astana
28%
Air Malta
28%
Iran Air
28%
Hainan Airlines
25%
Pegasus Airlines
25%
Czech Airlines
24%
Air Senegal
23%
Azerbaijan Airlines
22%
Luxair
22%
Middle East Airlines
22%
Air Austral
21%
Bulgaria Air
21%
Ukraine International Airlines
20%
Air Arabia
19%
Norwegian Air Shuttle
19%
Iberia Express
18%
Vistara
18%
XiamenAir
18%
Air Tahiti Nui
17%
Uzbekistan Airways
17%
SriLankan Airlines
15%
SunExpress
14%
Arkia
13%
Air Cairo
12%
Georgian Airways
12%
ITA Airlines
12%
PLAY
12%
Volotea
12%
Air Corsica
11%
Nouvelair
11%
Air Madagascar
9%
Air Montenegro
9%
LATAM Brasil
9%
Rossiya
9%
FlyOne
8%
Atlantic Airways
7%
Azores Airlines
7%
Sky Express
7%
Thai International Airlines
7%
Jet2.com
6%
Ural Airlines
6%
AnadoluJet
4%
ASL Airlines France
4%
Blue Air
4%
Cabo Verde Airlines
4%
Tassili Airlines
4%
Tus Airways
4%
FLYONE Armenia
2%
Flyr
1%
TUIfly Belgium
1%
No matching quizzes found
Score Distribution
Percent of People with Each Score
Percentile by Number Answered
Your Score History
You have not taken this quiz